| 000 | 00951nam0a22002891 4500 | ||
|---|---|---|---|
| 001 | rc\4761637 | ||
| 005 | 20250613065543.0 | ||
| 021 |
_aRU _b[60-21411] |
||
| 035 | _a(NLR Aleph) 008997061 | ||
| 090 |
_a9283209 _c9283209 |
||
| 100 | _a20130417d1960 |||y0rusy50 ca | ||
| 101 | 0 | _arus | |
| 102 | _aRU | ||
| 105 | _ay z ||||| | ||
| 200 | 1 | _aДруг народов мира - Ленин | |
| 210 |
_a[Москва] _cПрофиздат _d1960 |
||
| 215 |
_a199 с. _d16 |
||
| 300 | _aО пребывании В.И. Ленина в 1912-1914 гг. в Польше | ||
| 300 | _aНа обл. авт. не указан | ||
| 700 | 1 |
_7ca _8rus _aМакаренко _bЯ. И. _f1912-1995 _gЯков Иванович _9239462 _3RU\NLR\AUTH\770239518 |
|
| 702 | 1 |
_aЛенин _bВ. И. _gВладимир Ильич _4570 |
|
| 801 | 0 |
_aRU _bNLR _gpsbo |
|
| 801 | 1 |
_aRU _bELAR _2rusmarc |
|
| 852 |
_aNLR _j60-2/579 |
||
| 942 | _cBOOK | ||
| 980 | _aNB | ||